Finite mathematics with applications (Record no. 30071)
[ view plain ]
| 000 -LEADER | |
|---|---|
| fixed length control field | 00381nam a2200157Ia 4500 |
| 020 ## - INTERNATIONAL STANDARD BOOK NUMBER | |
| ISBN | 0- 03- 055864- 6 |
| 050 ## - CALL MARK | |
| Classification number | QA 39.2 .Z57/ |
| 100 ## - STATEMENT OF RESPONSIBILITY--MAIN AUTHOR NAME | |
| Personal name | David E. Zitarelli |
| 245 #0 - TITLE STATEMENT | |
| Title | Finite mathematics with applications |
| 250 ## - EDITION / VOLUME STATEMENT | |
| Edition / Volume statement | 2nd |
| 260 ## - PUBLICATION, DISTRIBUTION, ETC. (IMPRINT) | |
| Name of publisher | Saunders college |
| 260 ## - PUBLICATION, DISTRIBUTION, ETC. (IMPRINT) | |
| Year of publication | 1992 |
| 942 ## - ADDED ENTRY ELEMENTS (KOHA) | |
| Koha item type | Books |
| Withdrawn status | Lost status | Source of classification or shelving scheme | Damaged status | Not for loan | Permanent Location | Current Location | Date acquired | Accession Number | Price effective from | Koha item type |
|---|---|---|---|---|---|---|---|---|---|---|
| Library of Congress Classification | NILE UNIVERSITY OF NIGERIA - MAIN LIBRARY | NILE UNIVERSITY OF NIGERIA - MAIN LIBRARY | 04/23/2025 | 0007760 | 04/23/2025 | Books |